| 000 | 00909 a2200241 4500 | ||
|---|---|---|---|
| 003 | Nust | ||
| 005 | 20221021084540.0 | ||
| 010 | _a 2002727981 | ||
| 020 | _a0130914290 | ||
| 040 | _cNust | ||
| 082 | 0 | 0 | _a005.8,STA |
| 100 | 1 | _aStallings, William. | |
| 245 | 1 | 0 |
_aCryptography and network security : _bprinciples and practice / _cWilliam Stallings. |
| 250 | _a3rd ed. | ||
| 260 |
_aUpper Saddle River, N.J. : _bPrentice Hall, _cc2003. |
||
| 300 |
_axiv, 681 p. : _bill. ; _c24 cm. |
||
| 505 | _aPart-1: Symmetric Ciphers (Page-26), Part-2: Public-Key Encryption and Hash Functions (Page-232), Part-3: Network Security Applications (Page-398), Part-4: System Security (Page-563) . | ||
| 650 | 0 |
_aCoding theory. _93106 |
|
| 650 | 0 |
_aComputer networks _xSecurity measures. _9466 |
|
| 650 | 0 |
_aComputer security. _9570 |
|
| 650 | 0 |
_aData encryption (Computer science) _929166 |
|
| 942 |
_2ddc _cBK _k005.8,STA |
||
| 999 |
_c179681 _d179681 |
||